Ser cristiano hoy: actitud del creyente y su vida en el mundo

Uloženo v:
Podrobná bibliografie
Hlavní autor: Boros, Ladislaus (Autor)
Médium: Kniha
Jazyk:španělština
Vydáno: Barcelona Herder 1984
Vydání:2a. ed
Témata:
Tagy: Přidat tag
Žádné tagy, Buďte první, kdo vytvoří štítek k tomuto záznamu!

MARC

LEADER 00000nam a2200000 a 4500
001 UCX0214
003 CL-VaPUC
008 890828e19840000SP |||||||||||||||||spa|d
082 0 4 |a 248.4  |b BOR  |2 21 
100 0 |a Boros, Ladislaus  |e author  |9 315603 
245 1 0 |a Ser cristiano hoy: actitud del creyente y su vida en el mundo 
250 |a 2a. ed 
300 |a 135 p 
942 |c BK 
945 |d 19890828 00:00:00 
260 |a Barcelona  |b Herder  |c 1984 
650 0 |a Cristianismo  |9 257361 
650 0 |a Vida cristiana  |9 258753 
583 |a last modification  |c 19890828 00:00:00  |k Rodrigo Vera 
999 |c 221890  |d 221888 
952 |0 0  |1 0  |4 0  |6 248_400000000000000_BOR_1984  |7 0  |8 A  |9 215918  |a BIBTEO  |b BIBTEO  |d 2019-11-15  |i 2844818  |o 248.4 BOR 1984  |p 2844818  |r 2025-01-17  |w 2019-11-15  |y BK  |k ICR